Cẩm nang giao tiếp = Vault Reports guide to schmoozing

Quyển sách cung cấp những câu chuyện có thực và cách thức giao tiếp hiệu quả giúp đạt được thành công trong công việc, tìm việc làm cũng như gầy dựng các mối quan hệ.

Na minha lista:
Detalhes bibliográficos
Formato: Livro
Idioma:Undetermined
Publicado em: Hà Nội Lao động 2010
Assuntos:
Tags: Adicionar Tag
Sem tags, seja o primeiro a adicionar uma tag!
Thư viện lưu trữ: Trung tâm Học liệu Trường Đại học Cần Thơ
LEADER 00909nam a2200205Ia 4500
001 CTU_158618
008 210402s9999 xx 000 0 und d
020 |c 65000 
082 |a 650.13 
082 |b C120 
245 0 |a Cẩm nang giao tiếp = 
245 0 |b Vault Reports guide to schmoozing 
245 0 |c Marcy Lerner ... [et al.] ; Nguyễn Thị Bích Ngọc dịch 
260 |a Hà Nội 
260 |b Lao động 
260 |c 2010 
520 |a Quyển sách cung cấp những câu chuyện có thực và cách thức giao tiếp hiệu quả giúp đạt được thành công trong công việc, tìm việc làm cũng như gầy dựng các mối quan hệ. 
650 |a Business networks,Social networks,Success in business,Communication skills 
904 |i HHTrang, Giang 
980 |a Trung tâm Học liệu Trường Đại học Cần Thơ